00210nam a2200097Ia 4500008004100000100001400041245002700055260001300082260000900095300000800104170620s9999 xx 000 0 und d aSINHA K.K 0aBUSINESS COMMUNICATION bGALGOTIA c2014 a704